000 00870nac a22003017a 4500
001 BR7304308
003 BR-BrBNA
005 20240105113521.0
008 230509b bl.|||m| |||| 00| 0 por d
040 _aBR-BrBNA
_bpor
_cBiblioteca Nacional de Agricultura
072 _aH60
090 _a0230 BR7304308
100 1 _aOliveira, H.
100 1 _aFernandes, R.S.
100 1 _aGregori, R.
100 1 _aParanhos, S.B.
100 1 _aEspironelo, A.
110 1 _aInstituto Agronomico, Campinas, SP (Brasil)
245 1 _aHerbicidas em cultura de cana-de-acucar
260 3 _aCampinas, SP (Brasil):
_c1973.
300 _a12 p.
490 _aBoletim Tecnico - Instituto Agronomico (Brazil)
_vno. 2
_x
500 _a6 tables
650 _aCana de acucar
650 _aHerbicida
909 _a202312
_bLúcia Elande
_c55
_dLúcia Elande
942 _2AGRIS
_n0
_cMS
999 _c264180
_d264180